Provincias Con las que Argentina limita - Estadísticas

Estadísticas generales
  • Esta prueba ha sido intentada 16 veces
  • La puntuación promedio es 9 de 35
Estadísticas de respuestas
Respuesta % Correcto
Misiones
57%
Paraná
50%
Santiago
50%
Antofagasta
43%
BioBió
43%
Los Lagos
43%
Los Rios
43%
Magallanes
43%
Río Grande del Sur
43%
Santa Catarina
43%
Atacama
36%
Maule
36%
O' Higgins
36%
Aysen
29%
Coquimbo
29%
Salto
29%
Valparaiso
29%
Alto Parana
21%
Artigas
21%
Boquerón
21%
Central
21%
Itapúa
21%
Ñuble
21%
Presidente Hayes
21%
Rio Negro
21%
Tarapacá
21%
Arica y Parinacota
14%
La Araucanía
14%
Paisandú
14%
Ñnembucú
7%
Arce
0%
Avilés
0%
Gran Chaco
0%
Nor Lípez
0%
Sud Chichas
0%
No se encontraron pruebas coincidentes
Distribución de puntuación
Porcentaje de gente con cada puntuación
Porcentaje por número respondido
Historial de tus puntuaciones
No has intentado esta prueba.